Т. 66, вып. 6; Прикладная математика и механика

Bibliographic Details
Parent link:Прикладная математика и механика: научный журнал/ Российская академия наук (РАН). Т. 66, вып. 6.— , 1937-1988, 1990-.— 0032-8235
Language:Russian
Published: 2002
Format: Book
KOHA link:https://koha.lib.tpu.ru/cgi-bin/koha/opac-detail.pl?biblionumber=384161

MARC

LEADER 00000nam2a2200000 4500
001 384161
005 20231101063225.0
035 |a (RuTPU)RU\TPU\prd\10625 
090 |a 384161 
100 |a 20030217a20029999k y0rusy50 ca 
101 0 |a rus 
102 |a RU 
200 0 |a Т. 66, вып. 6 
210 |d 2002 
461 1 |0 (RuTPU)RU\TPU\prd\1688  |x 0032-8235  |t Прикладная математика и механика  |o научный журнал  |f Российская академия наук (РАН)  |v Т. 66, вып. 6  |d 1937-1988, 1990- 
801 0 |a RU  |b 63413507  |c 20010227  |g PSBO 
801 1 |a RU  |b 63413507  |c 20030217  |g PSBO 
801 2 |a RU  |b 63413507  |c 20130606  |g RCR 
942 |c BK 
999 |a НТБ_ТПУ  |b НФ  |e -1/20030113  |p П-5339  |s 1/20020226  |u 0,00  |v 1